Central Library OPAC University of Rajshahi

برامکہ : خلیفہ ہارون الرشید عباسی کے ناموروزرایحی فضل و جعفربرمكي كى مفصل سوانخ عمري ;; Baramkeh: Harun al-Rashid Abbasi’s successor, Namoruz Zarahihi Fadl and Jafar Barmaki, ironed out the joints of my life’s joints./ / (Record no. 81980)

MARC details
000 -LEADER
fixed length control field 00971naa a2200217 a 4500
001 - CONTROL NUMBER
control field 81980
003 - CONTROL NUMBER IDENTIFIER
rucl marc code BD-RjUL
005 - DATE AND TIME OF LATEST TRANSACTION
control field 20230924153938.0
008 - FIXED-LENGTH DATA ELEMENTS--GENERAL INFORMATION
fixed length control field 230924s1961 p ||||| |||| 00| p urd d
035 ## - SYSTEM CONTROL NUMBER
System control number (BD-RjUL)81980
040 ## - CATALOGING SOURCE
Original cataloging agency BD-RjUL
Language of cataloging eng
Transcribing agency BD-RjUL
041 ## - LANGUAGE CODE
Language code of text/sound track or separate title urd
082 ## - DEWEY DECIMAL CLASSIFICATION NUMBER
Edition number 23
Classification number 953.1030922
Author mark and year KAA 1961
100 10 - MAIN ENTRY--PERSONAL NAME
Personal name كانپوری٫ عبدالرزاق ;; Kanpuri, Abdul Razzaq
9 (RLIN) 9167
245 14 - TITLE STATEMENT
Title برامکہ : خلیفہ ہارون الرشید عباسی کے ناموروزرایحی فضل و جعفربرمكي كى مفصل سوانخ عمري ;; Baramkeh: Harun al-Rashid Abbasi’s successor, Namoruz Zarahihi Fadl and Jafar Barmaki, ironed out the joints of my life’s joints./ /
Statement of responsibility, etc. عبدالرزاق كانپوریAbdul Razzaq Kanpuri
260 ## - PUBLICATION, DISTRIBUTION, ETC. (IMPRINT)
Place of publication, distribution, etc. کراچی :Karachi :
Name of publisher, distributor, etc. Nafis Akademy , نفیس اکیڈمی
Date of publication, distribution, etc. 1961
300 ## - PHYSICAL DESCRIPTION
Pagination 576 p. ;
Size 23 cm
600 ## - SUBJECT ADDED ENTRY--PERSONAL NAME
Personal name Harurn al Rashid Abbasi
650 ## - SUBJECT ADDED ENTRY--TOPICAL TERM
Topical term or geographic name as entry element Biography
942 ## - ADDED ENTRY ELEMENTS (KOHA)
Source of classification or shelving scheme Dewey Decimal Classification
Koha item type Books
Holdings
Lost status Source of classification or shelving scheme Damaged status Not for loan Collection code Permanent Location Current Location Shelving location Date acquired Source of acquisition Cost, normal purchase price Full call number Date last seen Copy number Koha item type
  Dewey Decimal Classification   Not For Loan Non-fiction Central Library, University of Rajshahi Central Library, University of Rajshahi Reading Room 28/10/1964 Urdu Library 12.00 U 953.1030922 KAA 1961 24/09/2023 C-1 Books
  Dewey Decimal Classification     Non-fiction Central Library, University of Rajshahi Central Library, University of Rajshahi General Stacks 28/10/1964 Urdu Library 12.00 U 953.1030922 KAA 1961 24/09/2023 C-2 Books